00329nam a2200121Ia 4500008004100000041000800041082001200049100001500061245004500076260004500121300003000166365001100196240624s9999 xx 000 0 und d aeng a370 KUM aKUMAR NITA aPOLITICS OF GENDER COMMUNITY AND MODERNI c2011aNew DelhibOxford University Press axi, : 345 : p. : cm. ; 21 cRSb32